01699nam a2200265 4500003000800000005001700008008004100025040003000066041000800096044000700104082001800111100003900129245019300168260002500361300004400386500003600430502019900466520061300665650002101278653001201299653002601311653002001337653003501357700004101392BOFEUTO20260512114151.0260504t2023 bo a gr 001 | spa d 6BOFEUTOaBOFEUTOcBOFEUTO aspa abo aTE6284bC683p aColque Churata, Victor Hugoeautor aPlan de negocios para la creación de una empresa coordinadora integral de comercio exterior (FORWARDER), en la ciudad de Oruro /cVictor Hugo Colque Churata, Douglas Guzmán Gutiérrez aOruro :bs/n,c2023. a150 hojas ;btabl., gráf. ;c28.5 cm. aIncluye bibliografía, anexos. aTesis Dirigida - Plan de Negocios, (Licenciatura) -- Universidad Técnica de Oruro, Facultad de Ciencias Económicas, Financieras y Administrativas, Carrera Administración de Empresas, 2023. aEl presente plan de negocios propone la creación de una Empresa Coordinadora Integral de Comercio Exterior (Forwarder) en la ciudad de Oruro, orientada a brindar soluciones logísticas integrales para operaciones de importación y exportación. La iniciativa surge como respuesta a la creciente necesidad de las empresas locales y regionales - especialmente de los sectores minero, comercial, industrial y productivo - de contar con un aliado estratégico que optimice tiempos, costos y procesos en la gestión del comercio exterior, en un contexto de mercados cada vez más competitivos y regulados. aAdministración aNegocio aAnálisis de mercado aAnálisis FODA aAnálisis 5 fuerzas de Porter aGuzmán Gutiérrez, Douglasetutor